000 00638nam a2200193 i 4500
001 24263
003 ES-MaACL
005 20230906153022.0
007 t|
008 021216s1959 sp ||||1| spa d
100 1 _aAmrine, Michael.
_921341
245 1 3 _aLa gran decisión
_b: la historia secreta de la bomba atómica /
_cMichael Amrine ; [Versión española de Mariano Orta Manzano].
250 _a1ª ed.
260 _aBarcelona :
_bAura,
_c[1959] (
_fLinomonograph)
300 _a303 p. ;
_c21 cm.
650 0 4 _aArmas nucleares-
_vHistoria.
_99971
700 1 _aOrta Manzano, Mariano.
_987384
852 _aES-MaACL
_jC-24089
_bR.45427
999 _c24263
_d24263